| 000 | 00943 a2200169 4500 | ||
|---|---|---|---|
| 003 | Nust | ||
| 005 | 20230120152913.0 | ||
| 040 | _cNust | ||
| 082 | _a808.82,DOY | ||
| 100 |
_aDoyle, Lynn _9107268 |
||
| 245 |
_aA Bowl of Broth / _cLynn Doyle |
||
| 260 |
_aLondon _bDuckworth |
||
| 300 | _a214:p | ||
| 505 | _aIntroduction (Page-7), Strange Spirits (Page-9), Yellow-man and Oranges (Page-23), Pity (Page-33), Public Spirit (Page-38), Sham Fight (Page-48), St. Patrick and Lager Beer (Page-61), A Nice Little Bird (Page-73), Love and a Giant (Page-87), A Bowl of Broth (Page-96), A Close Shave (Page-106), Charity (Page-117), The Door (Page-131), Salvage (Page-136), The Burying of Mary Anne (Page-149,) Police Permission (Page-156), An Ould Siant (Page-165) De Martuis (Page-171) De Mortuis (Page-171) The Gold Chain (Page-180) prohibited Hours (Page-191), The Courting of Kezia (Page-202). | ||
| 650 |
_aStries _9107269 |
||
| 942 |
_2ddc _cBK |
||
| 999 |
_c186818 _d186818 |
||